Programa de educación preescolar bilingüe y primaria bilingüe bicultural para todos los niños indígenas.

Gorde:
Xehetasun bibliografikoak
Egile korporatiboa: México. Presidencia de la República Secretaría de Educación Pública. Dirección General de Educación Indígena, México. Presidencia de la República Consejo Nacional de Fomento Educativo
Formatua: Liburua
Hizkuntza:gaztelania
Gaiak:
Etiketak: Etiketa erantsi
Etiketarik gabe, Izan zaitez lehena erregistro honi etiketa jartzen!

MARC

LEADER 00000cam^a2200000uu^4500
001 000468958
005 20250521000000.0
008 050901s1982^^^^^^^^^^^^rd^r^^000^0^spa^d
009 20260310124524.743
035 |a FCE 000011704 
035 |a FCE 007882 
037 |a Acervo ITESO - Biblioteca 
041 |a spa 
082 0 4 |a 370.196  |b SEPp 
110 |a México. Presidencia de la República  |b Secretaría de Educación Pública. Dirección General de Educación Indígena 
245 1 0 |a Programa de educación preescolar bilingüe y primaria bilingüe bicultural para todos los niños indígenas. 
264 |a México :  |b DGEI : CONAFE,  |c 1982. 
300 |a 388 p. 
336 |a texto  |b txt  |2 rdacontenido 
337 |a sin mediación  |b n  |2 rdamedio 
338 |a volumen  |b nc  |2 rdasoporte 
649 |a XX 
650 |a Programa de educación 
650 |a Estadísticas educativas 
650 |a Presupuestos 
650 |a Gasto educativo 
650 |a Educación indígena 
650 |a Educación bilingüe 
650 |a Investigación educativa 
650 |a Educación preescolar 
710 |a México. Presidencia de la República  |b Consejo Nacional de Fomento Educativo 
910 |a Fondo Centro de Estudios Educativos 
920 |a Impresos - Libros 
930 |a Fondos Especiales 
905 |a 133 
901 |a ALE007882  |b IT2  |c CEE  |u 20250521 
901 |a ALE041532  |b IT2  |c CEE  |u 20250521 
902 |a https://opac.biblio.iteso.mx/vufind/Record/000468958